01481nam a22003374a 4500001001200000003000800012006001900020007001500039008004100054020002300095040002100118035002100139043001200160050002500172100003300197245013300230260006900363300003100432504006600463533015200529650004900681650005500730650004200785650005100827651004400878651003200922655002900954710001700983856012601000999001701126ebr10141730CaPaEBRm u cr cn|||||||||010817s2000 qucab sb 001 0 eng  z0773518924 (cloth) aCaPaEBRcCaPaEBR a(OCoLC)181843850 an-cn-on14aHD319.O5bW66 2000eb1 aWood, J. Davidq(John David)10aMaking Ontario : agricultural colonization and landscape re-creation before the railwayh[electronic resource] /cJ. David Wood. aMontreal ;aKingston :bMcGill-Queen's University Press,cc2000. axxi, 205 p. :bill., maps. aIncludes bibliographical references (p. [183]-197) and index. aElectronic reproduction.bPalo Alto, Calif. :cebrary,d2013.nAvailable via World Wide Web.nAccess may be limited to ebrary affiliated libraries. 0aLand settlementzOntario, SouthernxHistory. 0aAgricultural colonieszOntario, SouthernxHistory. 0aLand usezOntario, SouthernxHistory. 0aLandscape changeszOntario, SouthernxHistory. 0aOntario, SouthernxEconomic conditions. 0aOntario, SouthernxHistory. 7aElectronic books.2local2 aebrary, Inc.40uhttp://site.ebrary.com/lib/rucke/Doc?id=10141730zAn electronic book accessible through the World Wide Web; click to view c89991d89991